Bharatar swadhinata sangramat sashastra sangramor akhora. (Record no. 998)

MARC details
000 -LEADER
fixed length control field 00506cam a2200181ua 4500
008 - FIXED-LENGTH DATA ELEMENTS--GENERAL INFORMATION
fixed length control field 110428n ii |||gr||||Z||||||eng
040 ## - CATALOGING SOURCE
Transcribing agency MAIN
082 ## - DEWEY DECIMAL CLASSIFICATION NUMBER
Classification number 322.44
245 1# - TITLE STATEMENT
Title Bharatar swadhinata sangramat sashastra sangramor akhora.
Statement of responsibility, etc. By Hem Dutta.
250 ## - EDITION STATEMENT
Edition statement 1st.
260 ## - PUBLICATION, DISTRIBUTION, ETC.
Place of publication, distribution, etc. Gowahati.:
Name of publisher, distributor, etc. Biva Choudhuri.,971.
300 ## - PHYSICAL DESCRIPTION
Extent 51 p.:0 cm.
700 1# - ADDED ENTRY--PERSONAL NAME
Personal name Dutta, Hem.,
942 ## - ADDED ENTRY ELEMENTS (KOHA)
Koha item type Books
653 ## - INDEX TERM--UNCONTROLLED
Uncontrolled term Political science.
653 ## - INDEX TERM--UNCONTROLLED
Uncontrolled term Bharatar swadhinata sangramot sashastra biplabar akhora.
Holdings
Withdrawn status Lost status Damaged status Not for loan Home library Current library Shelving location Date acquired Total Checkouts Full call number Barcode Date last seen Copy number Price effective from Koha item type
        Central Library, Naharkatiya College Central Library, Naharkatiya College General Stacks 19/09/2020   322.44 | DUT 8720-A 19/09/2020 1 19/09/2020 Books

Naharkatiya College © 2020. All rights reserved.

Powered By